000 00312nam a22001337a 4500
008 170612b xxu||||| |||| 00| 0 eng d
020 _a9780806527017
041 _aeng
080 _a94
100 _a19
101 _aSHH
245 _aCONSPIRATY THE PLOT TO STOP THE KENNEDYS
_cSMITH.M
942 _2udc
_cBK
999 _c16852
_d16852